000 00457nam a2200181Ia 4500
005 20250923144740.0
008 008 250917s9999 xx 000 0 eng d
037 _aTextual
040 _aDSWL
_beng
_cDSWL
041 _aeng
_2eng
084 _qDSWL
245 0 _aAcross the golden height of the Assam &
260 _aCalcutta
_bModernBook Depot
_c1960
365 _aINR
_b10.50
925 _g10.50
942 _cTEXL
999 _c1442858
_d1442858